| 000 | 00521nam a2200181 a 4500 | ||
|---|---|---|---|
| 005 | 20140412111325.0 | ||
| 008 | 110120s19uu xx 00 eng d | ||
| 020 | _a971-771-005-8 | ||
| 050 |
_aFil 371.102 _bV718 1998 |
||
| 100 | _aVillanueva, Marie Ysanne | ||
| 245 |
_aWhen i grow up i want to a Teacher / _cMarie Ysanne L. Villanueva. |
||
| 260 |
_aPhilippines : _bMuseo pambata, _c1998. |
||
| 300 | _aunp. | ||
| 440 | _aMuseo pambata | ||
| 650 | _aScientists | ||
| 650 | _aVocational interests | ||
| 999 |
_c104579 _d104579 |
||